| 000 | 00589nam a22001937a 4500 | ||
|---|---|---|---|
| 003 | KOHA_MİRAKIL | ||
| 005 | 20251218115718.0 | ||
| 008 | 251218b tu ||||| |||| 00| 0 tur d | ||
| 020 | _a9789750281457 | ||
| 040 |
_aTR-AnABB _btur _cTR-AnABB |
||
| 041 | _atur | ||
| 082 |
_a658 _bTUR 2023 |
||
| 100 | 1 | _aTürkgenci, Yavuz, | |
| 245 | 1 | 0 |
_aYapay zeka çağında güvenlik stratejilerinin tasarımı ve yönetimi / _cYavuz Türkgenci |
| 260 |
_aAnkara : _bPolis Akademisi Yayınları _c2023 |
||
| 300 |
_a284 sayfa ; _c21 cm |
||
| 650 | 0 | 4 | _aDijital teknoloji |
| 942 |
_2ddc _cBK |
||
| 999 |
_c9777 _d9777 |
||
| 900 | _bGizem YORULMAZ | ||